000 01211cam a2200205 4500
001 ##L131450
008 050510n2005 000 0 eng u
035 _a(Sirsi) u131450
041 0 _aeng
110 2 _aFederation of Master Builders
_9465
245 0 0 _aFMB state of trade survey
_bthirdquarter of 2005
260 _bFMB
_c2005
490 0 _aFMB State of Trade Survey
_vThirdQuarter 2005
520 _aKey findings include evidence that the upwards trend in the workload of small and medium-sized builders has come to an end. There are indications of a downturn in the underlying trend in workload, together with a slackening in employment. There are expectations of a slight increase in workload and employment in the fourth quarter, although these are anticipated to be only in the residential sector. Third quarter findings are in fact the weakest for any quarter since 1999.
590 _aIKA081105
650 2 4 _aFEDERATION OF MASTER BUILDERS STATE OF TRADE SURVEY
690 _aBUILT ENVIRONMENT-CONSTRUCTION MARKET
856 4 0 _uhttps://www.fmb.org.uk/information-and-help/publications/state-of-trade-survey/?entryid24=3152&p=3
_zView the item free of charge at www.fmb.org.uk...
942 _n0
999 _c104769
_d104769